Система сбора, передачи и обработки информации для неэлектрифицированных кустов газовых скважин; Промышленные АСУ и контроллеры; № 4

Bibliographische Detailangaben
Parent link:Промышленные АСУ и контроллеры: ежемесячный научно-технический производственный журнал.— , 2002-
№ 4.— 2004.— С. 7-9
Weitere Verfasser: Бернер Л. И., Илюшин С. А., Лавров С. А., Сушков С. И., Лыков А. Г.
Sprache:Russisch
Veröffentlicht: 2004
Schriftenreihe:АСУ для промышленных предприятий
Schlagworte:
Format: MixedMaterials Buchkapitel
KOHA link:https://koha.lib.tpu.ru/cgi-bin/koha/opac-detail.pl?biblionumber=394654

MARC

LEADER 00000naa2a2200000 4500
001 394654
005 20231101064526.0
035 |a (RuTPU)RU\TPU\prd\31535 
090 |a 394654 
100 |a 20050111a2004 k y0rusy50 ca 
101 0 |a rus 
102 |a RU 
200 1 |a Система сбора, передачи и обработки информации для неэлектрифицированных кустов газовых скважин  |f Л. И. Бернер, С. А. Илюшин, С. А. Лавров и др. 
225 1 |a АСУ для промышленных предприятий 
320 |a Библиогр.: 4 назв. 
461 1 |0 (RuTPU)RU\TPU\prd\2287  |t Промышленные АСУ и контроллеры  |o ежемесячный научно-технический производственный журнал  |d 2002- 
463 1 |0 (RuTPU)RU\TPU\prd\26087  |t № 4  |v С. 7-9  |d 2004 
610 1 |a передача информации 
610 1 |a обработка информации 
610 1 |a газовые скважины 
610 1 |a системы телемеханики 
701 1 |a Бернер  |b Л. И. 
701 1 |a Илюшин  |b С. А. 
701 1 |a Лавров  |b С. А. 
701 1 |a Сушков  |b С. И. 
701 1 |a Лыков  |b А. Г. 
801 1 |a RU  |b 63413507  |c 20050111  |g PSBO 
942 |c BK